MARC

Tag First Indicator Second Indicator Subfields
LEADER 00000cas a2200000 4500
001 in00000307105
005 20151010140425.0
008 751101c19669999dcubr1p f0 a0eng d
010 |a  66060016  
016 7 |a 9879367  |2 DNLM 
016 7 |a R00746000  |2 DNLM 
019 |a 4866928 
022 |a 0048-6604 
030 |a RASCAD 
032 |a 453980  |b USPS 
035 |a (OCoLC)ocm01763372 
035 |9 ABH2068AM 
037 |b American Geophysical Union, 1909 K St. N.W., Wash., D.C. 20006 
040 |a MUL  |c MUL  |d COO  |d NSD  |d DLC  |d NSD  |d OCL  |d NSD  |d SER  |d RCS  |d OCL  |d AIP  |d OCL  |d AIP  |d OCL  |d DLC  |d NSD  |d DLC  |d AIP  |d OCL  |d NST  |d CAS  |d NST  |d SYS  |d NLM  |d OCLCQ  |d TXA  |d UtOrBLW 
042 |a nsdp  |a lc 
049 |a TXAM 
050 0 0 |a QC851  |b .R3 
086 0 |a C 52.9: 
210 0 |a Radio sci. 
222 0 |a Radio science 
245 0 0 |a Radio science. 
264 1 |a [Washington] :  |b American Geophysical Union [etc.] 
300 |a volumes :  |b illustrations ;  |c 27 cm. 
310 |a Bimonthly,  |b 1977- 
321 |a Monthly (except Aug.)  |b 1966-1976 
336 |a text  |b txt  |2 rdacontent 
337 |a unmediated  |b n  |2 rdamedia 
338 |a volume  |b nc  |2 rdacarrier 
362 0 |a v. 1- 1966- 
500 |a "Journal of the United States National Committee, International Union of Radio Science." 
510 2 |a Chemical abstracts  |x 0009-2258  |b -1988 
550 |a Vols. for 1966-68 issued by the Environmental Science Services Administration in cooperation with United States National Committee of the International Scientific Radio Union. 
650 0 |a Radio meteorology  |v Periodicals. 
650 0 |a Radio wave propagation  |v Periodicals. 
710 2 |a U.S. National Committee of the International Union of Radio Science. 
710 1 |a United States.  |b Environmental Science Services Administration. 
710 2 |a U.S. National Committee of the International Scientific Radio Union. 
776 0 8 |i Also available online:  |t Radio Science (Online)  |w (DLC) 2003263059  |w (OCoLC)53479878 
780 0 0 |t Journal of research, National Bureau of Standards. Section D, Radio science  |x 0502-2568  |w (DLC) 86640385  |w (OCoLC)4661892 
850 |a CU-Riv  |a CU-RivP  |a CaNBFU  |a CtW  |a DLC  |a ICU  |a NN 
891 3 3 |9 853  |8 1  |a v.  |b no.  |u 6  |v r  |i (year)  |j (month)  |w b  |x 01 
891 4 0 |9 863  |8 1  |a <1>-  |i <1966>-  |x provisional 
949 |a AM_DB_MFHD URL added  |b h  |c 2003/11/21  |e bsurratt  |f 1:02:43 pm 
994 |a E0  |b TXA 
999 |a MARS 
999 f f |s 88293710-49a6-3bc0-95b8-a88c4319f740  |i d1de260c-d41d-3aa5-b6d7-fcebc73b2bb6  |t 0 
952 f f |p ric  |a Texas A&M University  |b Rellis Campus  |c Joint Library Facility  |d Remote Storage  |t 0  |e QC851 .R3  |h Library of Congress classification  |i unmediated -- volume  |k v.35:no.3  |l 2000:May/June  |m A14827250102 
952 f f |p ric  |a Texas A&M University  |b Rellis Campus  |c Joint Library Facility  |d Remote Storage  |t 0  |e QC851 .R3  |h Library of Congress classification  |i unmediated -- volume  |k v.33:no.3  |l 1998:May/June  |m A14823751669 
952 f f |p ric  |a Texas A&M University  |b Rellis Campus  |c Joint Library Facility  |d Remote Storage  |t 0  |e QC851 .R3  |h Library of Congress classification  |i unmediated -- volume  |k v.35:no.5-6  |l 2000:Sept./Oct.-Nov./Dec.  |m A14828202021 
952 f f |p ric  |a Texas A&M University  |b Rellis Campus  |c Joint Library Facility  |d Remote Storage  |t 0  |e QC851 .R3  |h Library of Congress classification  |i unmediated -- volume  |k v.31:no.1-3  |l 1996:Jan./Feb.-May/June  |m A14820942164 
952 f f |p ric  |a Texas A&M University  |b Rellis Campus  |c Joint Library Facility  |d Remote Storage  |t 0  |e QC851 .R3  |h Library of Congress classification  |i unmediated -- volume  |k v.20:no.6  |l 1985:Nov./Dec.  |m A14813839017 
952 f f |p ric  |a Texas A&M University  |b Rellis Campus  |c Joint Library Facility  |d Remote Storage  |t 0  |e QC851 .R3  |h Library of Congress classification  |i unmediated -- volume  |k v.34:no.2  |l 1999:Mar./Apr.  |m A14824919692 
952 f f |p ric  |a Texas A&M University  |b Rellis Campus  |c Joint Library Facility  |d Remote Storage  |t 0  |e QC851 .R3  |h Library of Congress classification  |i unmediated -- volume  |k v.22:no.6-7  |l 1987:Nov.-Dec.  |m A14811403674 
952 f f |p ric  |a Texas A&M University  |b Rellis Campus  |c Joint Library Facility  |d Remote Storage  |t 0  |e QC851 .R3  |h Library of Congress classification  |i unmediated -- volume  |k v.35:no.4  |l 2000:July/Aug.  |m A14827250144 
952 f f |p ric  |a Texas A&M University  |b Rellis Campus  |c Joint Library Facility  |d Remote Storage  |t 0  |e QC851 .R3  |h Library of Congress classification  |i unmediated -- volume  |k v.31:no.4-5  |l 1996:July/Aug.-Sept./Oct.  |m A14820942106 
952 f f |p ric  |a Texas A&M University  |b Rellis Campus  |c Joint Library Facility  |d Remote Storage  |t 0  |e QC851 .R3  |h Library of Congress classification  |i unmediated -- volume  |k v.34:no.1  |l 1999:Jan./Feb.  |m A14824919642 
952 f f |p ric  |a Texas A&M University  |b Rellis Campus  |c Joint Library Facility  |d Remote Storage  |t 0  |e QC851 .R3  |h Library of Congress classification  |i unmediated -- volume  |k v.29:no.5-6  |l 1994:Sept./Oct.-Nov./Dec.  |m A14820281851 
952 f f |p ric  |a Texas A&M University  |b Rellis Campus  |c Joint Library Facility  |d Remote Storage  |t 0  |e QC851 .R3  |h Library of Congress classification  |i unmediated -- volume  |k v.32:no.6  |l 1997:Nov./Dec.  |m A14822560374 
952 f f |p ric  |a Texas A&M University  |b Rellis Campus  |c Joint Library Facility  |d Remote Storage  |t 0  |e QC851 .R3  |h Library of Congress classification  |i unmediated -- volume  |k v.30:no.1-2  |l 1995:Jan./Feb.-Mar./Apr.  |m A14820281796 
952 f f |p ric  |a Texas A&M University  |b Rellis Campus  |c Joint Library Facility  |d Remote Storage  |t 0  |e QC851 .R3  |h Library of Congress classification  |i unmediated -- volume  |k v.33:no.4  |l 1998:July/Aug.  |m A14823751651 
952 f f |p ric  |a Texas A&M University  |b Rellis Campus  |c Joint Library Facility  |d Remote Storage  |t 0  |e QC851 .R3  |h Library of Congress classification  |i unmediated -- volume  |k v.38:no.2  |l 2003:Mar./April  |m A14831833360 
952 f f |p ric  |a Texas A&M University  |b Rellis Campus  |c Joint Library Facility  |d Remote Storage  |t 0  |e QC851 .R3  |h Library of Congress classification  |i unmediated -- volume  |k v.19:no.4-6  |l 1984:July/Aug.-Nov./Dec.  |m A14824181396 
952 f f |p ric  |a Texas A&M University  |b Rellis Campus  |c Joint Library Facility  |d Remote Storage  |t 0  |e QC851 .R3  |h Library of Congress classification  |i unmediated -- volume  |k v.34:no.4  |l 1999:July/Aug.  |m A14825950099 
952 f f |p ric  |a Texas A&M University  |b Rellis Campus  |c Joint Library Facility  |d Remote Storage  |t 0  |e QC851 .R3  |h Library of Congress classification  |i unmediated -- volume  |k v.34:no.3  |l 1999:May/June  |m A14824919545 
952 f f |p ric  |a Texas A&M University  |b Rellis Campus  |c Joint Library Facility  |d Remote Storage  |t 0  |e QC851 .R3  |h Library of Congress classification  |i unmediated -- volume  |k v.37:no.1-2  |l 2002:Jan./Feb.-Mar./Apr.  |m A14829630112 
952 f f |p ric  |a Texas A&M University  |b Rellis Campus  |c Joint Library Facility  |d Remote Storage  |t 0  |e QC851 .R3  |h Library of Congress classification  |i unmediated -- volume  |k v.37:no.5-6  |l 2002:Sept./Oct.-Nov./Dec.  |m A14830925059 
952 f f |p ric  |a Texas A&M University  |b Rellis Campus  |c Joint Library Facility  |d Remote Storage  |t 0  |e QC851 .R3  |h Library of Congress classification  |i unmediated -- volume  |k v.29:no.1-3  |l 1994:Jan./Feb.-May/June  |m A14820281908 
952 f f |p ric  |a Texas A&M University  |b Rellis Campus  |c Joint Library Facility  |d Remote Storage  |t 0  |e QC851 .R3  |h Library of Congress classification  |i unmediated -- volume  |k v.20:no.1-3  |l 1985:Jan./Feb.-May/June  |m A14813839067 
952 f f |p ric  |a Texas A&M University  |b Rellis Campus  |c Joint Library Facility  |d Remote Storage  |t 0  |e QC851 .R3  |h Library of Congress classification  |i unmediated -- volume  |k v.33:no.6  |l 1998:Nov./Dec.  |m A14824017238 
952 f f |p ric  |a Texas A&M University  |b Rellis Campus  |c Joint Library Facility  |d Remote Storage  |t 0  |e QC851 .R3  |h Library of Congress classification  |i unmediated -- volume  |k v.32:no.4  |l 1997:July/Aug.  |m A14822560633 
952 f f |p ric  |a Texas A&M University  |b Rellis Campus  |c Joint Library Facility  |d Remote Storage  |t 0  |e QC851 .R3  |h Library of Congress classification  |i unmediated -- volume  |k v.36:no.5  |l 2001:Sept.-Oct.  |m A14828594648 
952 f f |p ric  |a Texas A&M University  |b Rellis Campus  |c Joint Library Facility  |d Remote Storage  |t 0  |e QC851 .R3  |h Library of Congress classification  |i unmediated -- volume  |k v.22:no.4-5  |l 1987:July/Aug.-Sept./Oct.  |m A14811403721 
952 f f |p ric  |a Texas A&M University  |b Rellis Campus  |c Joint Library Facility  |d Remote Storage  |t 0  |e QC851 .R3  |h Library of Congress classification  |i unmediated -- volume  |k v.34:no.6  |l 1999:Nov/Dec  |m A14825999815 
952 f f |p ric  |a Texas A&M University  |b Rellis Campus  |c Joint Library Facility  |d Remote Storage  |t 0  |e QC851 .R3  |h Library of Congress classification  |i unmediated -- volume  |k v.29:no.4  |l 1994:July/Aug  |m A14820281843 
952 f f |p ric  |a Texas A&M University  |b Rellis Campus  |c Joint Library Facility  |d Remote Storage  |t 0  |e QC851 .R3  |h Library of Congress classification  |i unmediated -- volume  |k v.34:no.5  |l 1999:Sept./Oct.  |m A14825950146 
952 f f |p ric  |a Texas A&M University  |b Rellis Campus  |c Joint Library Facility  |d Remote Storage  |t 0  |e QC851 .R3  |h Library of Congress classification  |i unmediated -- volume  |k v.22:no.1-3  |l 1987:Jan./Feb.-May/June  |m A14811403624 
952 f f |p ric  |a Texas A&M University  |b Rellis Campus  |c Joint Library Facility  |d Remote Storage  |t 0  |e QC851 .R3  |h Library of Congress classification  |i unmediated -- volume  |k v.30:no.3  |l 1995:May/June  |m A14820281801 
952 f f |p ric  |a Texas A&M University  |b Rellis Campus  |c Joint Library Facility  |d Remote Storage  |t 0  |e QC851 .R3  |h Library of Congress classification  |i unmediated -- volume  |k v.30:no.4  |l 1995:July/Aug  |m A14820281746 
952 f f |p ric  |a Texas A&M University  |b Rellis Campus  |c Joint Library Facility  |d Remote Storage  |t 0  |e QC851 .R3  |h Library of Congress classification  |i unmediated -- volume  |k v.38:no.5-6  |l 2003:Sept./Oct.-Nov./Dec.  |m A14831831601 
952 f f |p ric  |a Texas A&M University  |b Rellis Campus  |c Joint Library Facility  |d Remote Storage  |t 0  |e QC851 .R3  |h Library of Congress classification  |i unmediated -- volume  |k v.33:no.5  |l 1998:Sept./Oct.  |m A14824018030 
952 f f |p ric  |a Texas A&M University  |b Rellis Campus  |c Joint Library Facility  |d Remote Storage  |t 0  |e QC851 .R3  |h Library of Congress classification  |i unmediated -- volume  |k v.35:no.1  |l 2000:Jan./Feb.  |m A14826387689 
952 f f |p ric  |a Texas A&M University  |b Rellis Campus  |c Joint Library Facility  |d Remote Storage  |t 0  |e QC851 .R3  |h Library of Congress classification  |i unmediated -- volume  |k v.36:no.3-4  |l 2001:May/June-July/Aug.  |m A14828202102 
952 f f |p ric  |a Texas A&M University  |b Rellis Campus  |c Joint Library Facility  |d Remote Storage  |t 0  |e QC851 .R3  |h Library of Congress classification  |i unmediated -- volume  |k v.38:no.4  |l 2003:July/Aug.  |m A14831831685 
952 f f |p ric  |a Texas A&M University  |b Rellis Campus  |c Joint Library Facility  |d Remote Storage  |t 0  |e QC851 .R3  |h Library of Congress classification  |i unmediated -- volume  |k v.32:no.3  |l 1997:May/June  |m A14821233291 
952 f f |p ric  |a Texas A&M University  |b Rellis Campus  |c Joint Library Facility  |d Remote Storage  |t 0  |e QC851 .R3  |h Library of Congress classification  |i unmediated -- volume  |k v.32:no.1  |l 1997:Jan./Feb.  |m A14821233314 
952 f f |p ric  |a Texas A&M University  |b Rellis Campus  |c Joint Library Facility  |d Remote Storage  |t 0  |e QC851 .R3  |h Library of Congress classification  |i unmediated -- volume  |k v.32:no.5  |l 1997:Sept./Oct  |m A14822560683 
952 f f |p ric  |a Texas A&M University  |b Rellis Campus  |c Joint Library Facility  |d Remote Storage  |t 0  |e QC851 .R3  |h Library of Congress classification  |i unmediated -- volume  |k v.31:no.6  |l 1996:Nov./Dec.  |m A14820942091 
952 f f |p ric  |a Texas A&M University  |b Rellis Campus  |c Joint Library Facility  |d Remote Storage  |t 0  |e QC851 .R3  |h Library of Congress classification  |i unmediated -- volume  |k v.36:no.6  |l 2001:Nov.-Dec.  |m A14828594680 
952 f f |p ric  |a Texas A&M University  |b Rellis Campus  |c Joint Library Facility  |d Remote Storage  |t 0  |e QC851 .R3  |h Library of Congress classification  |i unmediated -- volume  |k v.38:no.1  |l 2003:Jan./Feb.  |m A14831831889 
952 f f |p ric  |a Texas A&M University  |b Rellis Campus  |c Joint Library Facility  |d Remote Storage  |t 0  |e QC851 .R3  |h Library of Congress classification  |i unmediated -- volume  |k v.32:no.2  |l 1997:Mar./Apr.  |m A14821233306 
952 f f |p ric  |a Texas A&M University  |b Rellis Campus  |c Joint Library Facility  |d Remote Storage  |t 0  |e QC851 .R3  |h Library of Congress classification  |i unmediated -- volume  |k v.35:no.2  |l 2000:Mar./Apr.  |m A14827249949 
952 f f |p ric  |a Texas A&M University  |b Rellis Campus  |c Joint Library Facility  |d Remote Storage  |t 0  |e QC851 .R3  |h Library of Congress classification  |i unmediated -- volume  |k v.30:no.5-6  |l 1995:Sept./Oct.-Nov./Dec.  |m A14820281754 
952 f f |p ric  |a Texas A&M University  |b Rellis Campus  |c Joint Library Facility  |d Remote Storage  |t 0  |e QC851 .R3  |h Library of Congress classification  |i unmediated -- volume  |k v.37:no.3-4  |l 2002:May/June-July/Aug.  |m A14830925041 
952 f f |p ric  |a Texas A&M University  |b Rellis Campus  |c Joint Library Facility  |d Remote Storage  |t 0  |e QC851 .R3  |h Library of Congress classification  |i unmediated -- volume  |k v.33:no.2  |l 1998:March/April  |m A14823751766 
952 f f |p ric  |a Texas A&M University  |b Rellis Campus  |c Joint Library Facility  |d Remote Storage  |t 0  |e QC851 .R3  |h Library of Congress classification  |i unmediated -- volume  |k v.36:no.1-2  |l 2001:Jan./Feb.-Mar./April  |m A14828202063 
952 f f |p ric  |a Texas A&M University  |b Rellis Campus  |c Joint Library Facility  |d Remote Storage  |t 0  |e QC851 .R3  |h Library of Congress classification  |i unmediated -- volume  |k v.38:no.3  |l 2003:May/June  |m A14831831643 
952 f f |p ric  |a Texas A&M University  |b Rellis Campus  |c Joint Library Facility  |d Remote Storage  |t 0  |e QC851 .R3  |h Library of Congress classification  |i unmediated -- volume  |k v.20:no.4-5  |l 1985:July/Aug.-Sept./Oct.  |m A14812163609 
952 f f |p ric  |a Texas A&M University  |b Rellis Campus  |c Joint Library Facility  |d Remote Storage  |t 0  |e QC851 .R3  |h Library of Congress classification  |i unmediated -- volume  |k v.21:no.4-6  |l 1986:July/Aug.-Nov./Dec.  |m A14813861967 
952 f f |p ric  |a Texas A&M University  |b Rellis Campus  |c Joint Library Facility  |d Remote Storage  |t 0  |e QC851 .R3  |h Library of Congress classification  |i unmediated -- volume  |k v.33:no.1  |l 1998:Jan/Feb.  |m A14823751774 
998 f f |a QC851 .R3  |s v.29-38 (1994-2003)  |t 0  |l Remote Storage